[Event "LTU-ch Rapid op"]
[Site "Vilnius"]
[Date "2021.07.17"]
[Round "7"]
[White "Sakalauskas, Vaidas"]
[Black "Kasparavicius, Laimutis"]
[Result "1-0"]
[WhiteElo "2359"]
[BlackElo "1835"]
[PlyCount "91"]
[EventDate "2021.07.17"]
[EventType "swiss (rapid)"]
[EventRounds "9"]
[EventCountry "LTU"]
[SourceTitle "EXT 2023"]
[Source "ChessBase"]
[SourceDate "2022.10.05"]
[SourceVersion "1"]
[SourceVersionDate "2022.10.05"]
[SourceQuality "1"]

1. d4 d6 2. c4 e5 3. d5 f5 4. e4 fxe4 5. Nc3 Nf6 6. Bg5 Bf5 7. Nge2 Be7 8. Ng3 Bg6 9. Bxf6 Bxf6 10. Ngxe4 Be7 11. Bd3 0-0 12. 0-0 Nd7 13. Qe2 a6 14. Rac1 b6 15. Rfd1 Qe8 16. Qe3 Qf7 17. Re1 Rab8 18. b4 a5 19. a3 axb4 20. axb4 Nf6 21. f3 Nh5 22. Nb5 Rbc8 23. Kh1 Qf4 24. Qxf4 Nxf4 25. Bf1 Bxe4 26. Rxe4 c6 27. Na7 cxd5 28. Nxc8 Rxc8 29. Ree1 d4 30. g3 Ne6 31. Bd3 Ng5 32. Kg2 Ra8 33. Ra1 Rf8 34. Rf1 Bf6 35. h4 Ne6 36. Be4 Nd8 37. Ra6 g6 38. Rxb6 Nf7 39. Bd5 Re8 40. Rxd6 Kg7 41. Rd7 Re7 42. Rxe7 Bxe7 43. c5 Kf6 44. Bxf7 Kxf7 45. Rc1 d3 46. Rd1 1-0

[Event "LTU-ch"]
[Site "Kaunas"]
[Date "2018.03.06"]
[Round "7"]
[White "Kasparavicius, Laimutis"]
[Black "Stremavicius, Pijus"]
[Result "0-1"]
[WhiteElo "2045"]
[BlackElo "1866"]
[PlyCount "82"]
[EventDate "2018.03.02"]
[EventType "swiss"]
[EventRounds "9"]
[EventCountry "LTU"]
[SourceTitle "CBM 183 Extra"]
[Source "ChessBase"]
[SourceDate "2018.04.19"]
[SourceVersion "1"]
[SourceVersionDate "2018.04.19"]
[SourceQuality "1"]

1. d4 Nf6 2. c4 e6 3. Nc3 Bb4 4. e3 0-0 5. Bd3 b6 6. Nge2 Bb7 7. 0-0 d5 8. Qc2 c5 9. Rd1 cxd4 10. Nxd4 dxc4 11. Bxc4 Qc8 12. Qb3 Bxc3 13. bxc3 Nc6 14. Be2 Na5 15. Qc2 Rd8 16. c4 Be4 17. Bd3 Bxd3 18. Rxd3 Qxc4 19. Rc3 Qa6 20. Nf3 Nd5 21. Ng5 Nf6 22. Bb2 h6 23. Ne4 Nxe4 24. Qxe4 Qe2 25. Qf3 Qxb2 26. Rac1 Qxa2 27. g4 Qd5 28. e4 Qg5 29. Rc7 Qf6 30. Qg3 b5 31. R1c3 Qg6 32. Qf4 Nc4 33. e5 Nb6 34. Rf3 Rf8 35. Qg3 Nd5 36. Rb7 b4 37. Rb3 a5 38. f4 a4 39. Rf3 a3 40. f5 exf5 41. e6 a2 0-1

[Event "LTU-ch"]
[Site "Kaunas"]
[Date "2018.03.03"]
[Round "3"]
[White "Kasparavicius, Laimutis"]
[Black "Butvilas, Aistis"]
[Result "1/2-1/2"]
[WhiteElo "2045"]
[BlackElo "1777"]
[PlyCount "127"]
[EventDate "2018.03.02"]
[EventType "swiss"]
[EventRounds "9"]
[EventCountry "LTU"]
[SourceTitle "CBM 183 Extra"]
[Source "ChessBase"]
[SourceDate "2018.04.19"]
[SourceVersion "1"]
[SourceVersionDate "2018.04.19"]
[SourceQuality "1"]

1. d4 Nf6 2. Nf3 e6 3. c4 b6 4. g3 Bb7 5. Bg2 Be7 6. 0-0 0-0 7. Nc3 Ne4 8. Qc2 Nxc3 9. Qxc3 c5 10. dxc5 bxc5 11. Rd1 d5 12. h4 d4 13. Qc2 Nc6 14. a3 a5 15. Qa4 Qc8 16. Bf4 f6 17. Bh3 Nd8 18. Ne1 Bc6 19. Qc2 Qb7 20. Bg2 e5 21. Bxc6 Qxc6 22. Bd2 Ne6 23. e4 a4 24. Rab1 Rab8 25. Qd3 Rb3 26. Qe2 Qa6 27. Rdc1 Rfb8 28. Nd3 Bd6 29. Qf1 Bc7 30. Rc2 Ba5 31. Bxa5 Qxa5 32. Rd1 Qa8 33. Qe2 Qc6 34. Kh2 Nc7 35. f4 Rc8 36. fxe5 fxe5 37. Rf1 Na6 38. Rf5 Qd6 39. Qf1 Nb8 40. Rcf2 Nd7 41. Qd1 Nf6 42. Qe2 Rxd3 43. Rxf6 gxf6 44. Qxd3 Rb8 45. Qd1 Qc6 46. Qg4+ Kh8 47. h5 Rg8 48. Qf5 Rg5 49. Qxf6+ Qxf6 50. Rxf6 Rg4 51. h6 Kg8 52. Kg2 Rxe4 53. Kf3 Re3+ 54. Kf2 Rb3 55. Rc6 e4 56. Rxc5 Rxb2+ 57. Ke1 Rc2 58. Re5 Rxc4 59. Rxe4 Rc3 60. Rg4+ Kf8 61. Kf2 Rxa3 62. Rxd4 Ra2+ 63. Kf3 Rh2 64. Rxa4 1/2-1/2

[Event "LTU-ch"]
[Site "Kaunas"]
[Date "2018.03.03"]
[Round "2"]
[White "Kasparavicius, Laimutis"]
[Black "Malisauskas, Vidmantas"]
[Result "0-1"]
[WhiteElo "2045"]
[BlackElo "2410"]
[PlyCount "96"]
[EventDate "2018.03.02"]
[EventType "swiss"]
[EventRounds "9"]
[EventCountry "LTU"]
[SourceTitle "CBM 183 Extra"]
[Source "ChessBase"]
[SourceDate "2018.04.19"]
[SourceVersion "1"]
[SourceVersionDate "2018.04.19"]
[SourceQuality "1"]

1. d4 Nf6 2. Nf3 g6 3. e3 Bg7 4. Bd3 0-0 5. Nbd2 d6 6. b3 Nbd7 7. Bb2 e5 8. 0-0 Re8 9. dxe5 Ng4 10. Qc1 Ngxe5 11. Nxe5 Nxe5 12. Be2 Qe7 13. c4 Bd7 14. Bc3 Bc6 15. Qb2 f5 16. Rae1 a5 17. f4 Nd7 18. Bf3 Nc5 19. Bxg7 Qxg7 20. Qxg7+ Kxg7 21. Bxc6 bxc6 22. Rf3 a4 23. b4 Ne4 24. Nxe4 Rxe4 25. Rc1 a3 26. Rc3 Ra4 27. Rf1 Rxb4 28. Rfc1 c5 29. h3 h5 30. Rxa3 Rexc4 31. Rxc4 Rxc4 32. Ra7 Kf6 33. Kf2 Ke6 34. Rxc7 Rc2+ 35. Kf3 Rxa2 36. g4 hxg4+ 37. hxg4 fxg4+ 38. Kxg4 Kd5 39. Kf3 c4 40. Rg7 Ra1 41. Rxg6 c3 42. e4+ Kc5 43. Rg2 Kd4 44. Rf2 Re1 45. Ra2 Re3+ 46. Kf2 Rxe4 47. f5 Kd3 48. Ra6 c2 0-1

[Event "Kaunas Butnorius 70 op"]
[Site "Kaunas"]
[Date "2016.08.04"]
[Round "6"]
[White "Ocko, Dominik"]
[Black "Kasparavicius, Laimutis"]
[Result "0-1"]
[WhiteElo "1784"]
[BlackElo "2040"]
[PlyCount "104"]
[EventDate "2016.08.01"]
[EventType "swiss"]
[EventRounds "9"]
[EventCountry "LTU"]
[SourceTitle "CBM 173 Extra"]
[Source "ChessBase"]
[SourceDate "2016.08.29"]
[SourceVersion "1"]
[SourceVersionDate "2016.08.29"]
[SourceQuality "1"]

1. e4 d6 2. d4 Nf6 3. Nc3 c6 4. f4 Qa5 5. Bd3 e5 6. Nf3 Nbd7 7. Be3 Ng4 8. Qd2 Nxe3 9. Qxe3 exf4 10. Qxf4 Be7 11. 0-0 0-0 12. Kh1 Nf6 13. Rae1 Nh5 14. Qe3 g6 15. Bc4 Ng7 16. Re2 b5 17. Bd3 b4 18. Nd1 Qxa2 19. b3 Qa5 20. Nb2 Qh5 21. Nc4 Be6 22. Ra1 Rfe8 23. Ree1 d5 24. Nce5 dxe4 25. Bxe4 Bd5 26. Qf4 g5 27. Qd2 g4 28. Ng1 Bh4 29. Bxd5 Bxe1 30. Rxe1 cxd5 31. Qf4 Qf5 32. Rf1 Qxf4 33. Rxf4 h5 34. Rf6 Ne6 35. Nc6 Rac8 36. Nxb4 Nxd4 37. Rf2 Re1 38. Rd2 Nxb3 39. Rxd5 Rc5 40. Rd8+ Kg7 41. Nd3 Rxg1+ 42. Kxg1 Rxc2 43. Rd7 a5 44. Ne5 Kf6 45. Rd5 Ke6 46. Rb5 a4 47. Nd3 Rd2 48. Nf4+ Kd6 49. Rb4 Rd4 50. Rxd4+ Nxd4 51. Nd3 a3 52. Nc1 Ne2+ 0-1

[Event "Kaunas Butnorius 70 op"]
[Site "Kaunas"]
[Date "2016.08.02"]
[Round "2"]
[White "Malaniuk, Vladimir P"]
[Black "Kasparavicius, Laimutis"]
[Result "1-0"]
[WhiteElo "2471"]
[BlackElo "2040"]
[PlyCount "75"]
[EventDate "2016.08.01"]
[EventType "swiss"]
[EventRounds "9"]
[EventCountry "LTU"]
[SourceTitle "CBM 173 Extra"]
[Source "ChessBase"]
[SourceDate "2016.08.29"]
[SourceVersion "1"]
[SourceVersionDate "2016.08.29"]
[SourceQuality "1"]

1. d4 d5 2. c4 c6 3. Nf3 e6 4. Qc2 Nf6 5. e3 Nbd7 6. Nc3 Bd6 7. b3 0-0 8. Bb2 Qe7 9. Be2 Re8 10. 0-0 e5 11. cxd5 cxd5 12. Nb5 e4 13. Nxd6 Qxd6 14. Ne5 Nf8 15. Rfc1 Bf5 16. Qc5 Qb8 17. Bb5 Ne6 18. Qb4 Rd8 19. Qe7 Bg6 20. Ba3 a6 21. Nd7 Qa7 22. Nxf6+ gxf6 23. Bd7 Nf8 24. Bh3 Qb6 25. Bc5 Qc6 26. Ba3 Qb6 27. Rc7 Rab8 28. Bc5 Qb5 29. Qxf6 h6 30. Be7 Re8 31. Rac1 Qe2 32. a4 Nh7 33. Qf4 Qb2 34. Qd6 Qxb3 35. Bd7 Rxe7 36. Qxe7 Ng5 37. h4 Nh7 38. Be8 1-0

[Event "Palanga op"]
[Site "Palanga"]
[Date "2013.06.18"]
[Round "3"]
[White "Bisigirskas, Paulius"]
[Black "Kasparavicius, Laimutis"]
[Result "0-1"]
[WhiteElo "1625"]
[BlackElo "2098"]
[PlyCount "112"]
[EventDate "2013.06.17"]
[EventType "swiss"]
[EventRounds "9"]
[EventCountry "LTU"]
[SourceTitle "EXT 2014"]
[Source "ChessBase"]
[SourceDate "2013.11.20"]
[SourceVersion "1"]
[SourceVersionDate "2013.11.20"]
[SourceQuality "1"]

1. e4 d6 2. d4 Nf6 3. Nc3 c6 4. h3 Qa5 5. Bd3 e5 6. Nf3 Nbd7 7. Be3 Be7 8. dxe5 dxe5 9. Qd2 0-0 10. 0-0-0 Nb6 11. Kb1 Bb4 12. a3 Bxc3 13. Qxc3 Qxc3 14. bxc3 Na4 15. Bd2 Re8 16. Ng1 b5 17. f3 Be6 18. Ne2 c5 19. Nc1 c4 20. Bf1 Rad8 21. Na2 h5 22. Be2 Nh7 23. g4 hxg4 24. hxg4 f6 25. Be3 a5 26. Rd2 Rxd2 27. Bxd2 Rd8 28. Rd1 Kf7 29. Be1 Rxd1+ 30. Bxd1 Bd7 31. Kc1 Kg6 32. Kd2 Ng5 33. Nc1 Nb2 34. Be2 Ne6 35. Bf1 Kg5 36. Ne2 Nc5 37. Bf2 Ne6 38. Bb6 Nf4 39. Nxf4 Kxf4 40. Be2 g6 41. Be3+ Kg3 42. Bb6 Na4 43. Be3 f5 44. g5 fxe4 45. fxe4 Bc6 46. Ba7 Kf4 47. Be3+ Kxe4 48. Bf1 Kf3 49. Bh3 b4 50. axb4 axb4 51. Ba7 Nxc3 52. Be6 Bd5 53. Bxd5+ Nxd5 54. Bc5 e4 55. Ba7 c3+ 56. Ke1 Ne3 0-1

[Event "Baltija Cup op-A"]
[Site "Palanga"]
[Date "2011.06.22"]
[Round "7"]
[White "Kasparavicius, Laimutis"]
[Black "Dzenkauskas, Jurgis"]
[Result "1-0"]
[WhiteElo "2113"]
[BlackElo "1878"]
[PlyCount "49"]
[EventDate "2011.06.19"]
[EventType "swiss"]
[EventRounds "8"]
[EventCountry "LTU"]
[SourceTitle "EXT 2012"]
[Source "ChessBase"]
[SourceDate "2011.11.24"]
[SourceVersion "1"]
[SourceVersionDate "2011.11.24"]
[SourceQuality "1"]

1. d4 d5 2. c4 dxc4 3. Nf3 Nf6 4. e3 e6 5. Bxc4 a6 6. 0-0 c5 7. Qe2 b5 8. Bb3 Be7 9. dxc5 0-0 10. Rd1 Qc7 11. Nc3 Nbd7 12. e4 Nxc5 13. e5 Nxb3 14. exf6 Nxc1 15. Raxc1 Bxf6 16. Nd5 Qb8 17. Nxf6+ gxf6 18. Qe4 Qb7 19. Qg4+ Kh8 20. Qh4 Qe7 21. Ne5 Bb7 22. Rd7 Rac8 23. Rcd1 Rcd8 24. Rxd8 Rxd8 25. Rxd8+ 1-0

[Event "Baltija Cup op-A"]
[Site "Palanga"]
[Date "2011.06.22"]
[Round "6"]
[White "Kazakouski, Valery"]
[Black "Kasparavicius, Laimutis"]
[Result "0-1"]
[WhiteElo "1886"]
[BlackElo "2113"]
[PlyCount "72"]
[EventDate "2011.06.19"]
[EventType "swiss"]
[EventRounds "8"]
[EventCountry "LTU"]
[SourceTitle "EXT 2012"]
[Source "ChessBase"]
[SourceDate "2011.11.24"]
[SourceVersion "1"]
[SourceVersionDate "2011.11.24"]
[SourceQuality "1"]

1. e4 d6 2. d4 Nf6 3. Nc3 c6 4. f4 Qa5 5. e5 Ne4 6. Nf3 Nxc3 7. Qd2 Bg4 8. Qxc3 Qxc3+ 9. bxc3 Bxf3 10. gxf3 Nd7 11. Bd3 e6 12. Rb1 Rb8 13. Bd2 g6 14. Kf2 Be7 15. Kg3 0-0 16. h4 h5 17. Rhe1 Rfc8 18. Re2 c5 19. d5 exd5 20. e6 Nf8 21. Rbe1 fxe6 22. f5 c4 23. Rxe6 Nxe6 24. Rxe6 cxd3 25. Rxe7 dxc2 26. f6 Rxc3 27. Rg7+ Kf8 28. Bc1 Re8 29. Rd7 Rec8 30. Bf4 c1Q 31. Bxd6+ Ke8 32. Re7+ Kd8 33. f7 Qg1+ 34. Kf4 R8c4+ 35. Ke5 Qd4+ 36. Ke6 Re3+ 0-1

[Event "Baltija Cup op-A"]
[Site "Palanga"]
[Date "2011.06.19"]
[Round "1"]
[White "Kasparavicius, Laimutis"]
[Black "Cernavina, Ksenija"]
[Result "1/2-1/2"]
[WhiteElo "2113"]
[BlackElo "1752"]
[PlyCount "27"]
[EventDate "2011.06.19"]
[EventType "swiss"]
[EventRounds "8"]
[EventCountry "LTU"]
[SourceTitle "EXT 2012"]
[Source "ChessBase"]
[SourceDate "2011.11.24"]
[SourceVersion "1"]
[SourceVersionDate "2011.11.24"]
[SourceQuality "1"]

1. d4 e6 2. c4 f5 3. Nf3 Nf6 4. g3 d5 5. Bg2 Bd6 6. 0-0 c6 7. b3 Qe7 8. Bb2 0-0 9. Ne5 b6 10. Nd2 Bb7 11. a4 Nbd7 12. Qc1 c5 13. Nxd7 Nxd7 14. e3 1/2-1/2

[Event "LTU-ch"]
[Site "Nemencine"]
[Date "2010.04.30"]
[Round "9"]
[White "Klabis, Rokas"]
[Black "Kasparavicius, Laimutis"]
[Result "1/2-1/2"]
[WhiteElo "1960"]
[BlackElo "2134"]
[PlyCount "65"]
[EventDate "2010.04.25"]
[EventType "swiss"]
[EventRounds "9"]
[EventCountry "LTU"]
[SourceTitle "CBM 136 Extra"]
[Source "ChessBase"]
[SourceDate "2010.07.02"]
[SourceVersion "2"]
[SourceVersionDate "2010.07.15"]
[SourceQuality "1"]

1. e4 d6 2. d4 Nf6 3. Bd3 e5 4. Ne2 c5 5. dxe5 dxe5 6. Nbc3 Be7 7. 0-0 0-0 8. Ng3 Be6 9. b3 Nc6 10. Nce2 Qc7 11. f4 c4 12. bxc4 Rfd8 13. Qe1 Bb4 14. Bd2 Qb6+ 15. Kh1 Ng4 16. Bxb4 Nxb4 17. f5 Rxd3 18. fxe6 Nxc2 19. exf7+ Kf8 20. Qb1 Nxa1 21. Qxd3 Nf2+ 22. Rxf2 Qxf2 23. h3 Qe1+ 24. Kh2 g6 25. Nc3 Kg7 26. Nb5 Rf8 27. Nd6 Qf2 28. Qd5 Qf4 29. Qe6 h5 30. Qe7 h4 31. Ne8+ Kh7 32. Nf6+ Kg7 33. Ne8+ 1/2-1/2

[Event "Plunge op 29th"]
[Site "Plunge"]
[Date "2009.07.19"]
[Round "7"]
[White "Rimeikis, Andrius"]
[Black "Kasparavicius, Laimutis"]
[Result "1-0"]
[WhiteElo "1988"]
[BlackElo "2154"]
[PlyCount "43"]
[EventDate "2009.07.15"]
[EventType "swiss"]
[EventRounds "7"]
[EventCountry "LTU"]
[SourceTitle "EXT 2012"]
[Source "ChessBase"]
[SourceDate "2011.11.24"]
[SourceVersion "1"]
[SourceVersionDate "2011.11.24"]
[SourceQuality "1"]

1. e4 d6 2. d4 Nf6 3. Nc3 c6 4. f4 Qa5 5. Bd3 e5 6. Nf3 Bg4 7. Be3 Nbd7 8. 0-0 Be7 9. h3 exf4 10. Bxf4 Bxf3 11. Qxf3 Qb6 12. Be3 Qxb2 13. Ne2 Qb6 14. Ng3 g6 15. Qf2 0-0 16. Rab1 Qc7 17. Bh6 Rfe8 18. Bg5 Kg7 19. Qf4 Rh8 20. Nf5+ Kf8 21. Nxe7 Kxe7 22. Bxf6+ 1-0

[Event "Plunge op 29th"]
[Site "Plunge"]
[Date "2009.07.17"]
[Round "4"]
[White "Kasparavicius, Laimutis"]
[Black "Martinkus, Rolandas"]
[Result "1/2-1/2"]
[WhiteElo "2154"]
[BlackElo "2230"]
[PlyCount "149"]
[EventDate "2009.07.15"]
[EventType "swiss"]
[EventRounds "7"]
[EventCountry "LTU"]
[SourceTitle "EXT 2012"]
[Source "ChessBase"]
[SourceDate "2011.11.24"]
[SourceVersion "1"]
[SourceVersionDate "2011.11.24"]
[SourceQuality "1"]

1. d4 d6 2. e4 Nf6 3. Nc3 e5 4. dxe5 dxe5 5. Qxd8+ Kxd8 6. Bg5 Be7 7. 0-0-0+ Nfd7 8. Bxe7+ Kxe7 9. Nd5+ Kd8 10. Nf3 f6 11. Ne3 c6 12. Nf5 g6 13. Nd6 Kc7 14. g3 Nc5 15. Nxc8 Rxc8 16. Bh3 Rd8 17. Nd2 Nba6 18. Rhf1 Rd4 19. c3 Rd6 20. b4 Na4 21. Nb1 Rxd1+ 22. Rxd1 Rd8 23. Rxd8 Kxd8 24. Kc2 Nc7 25. c4 Nb6 26. c5 Nd7 27. a4 a5 28. Kb3 Na6 29. Bxd7 Kxd7 30. Kc4 axb4 31. Nd2 Kc7 32. a5 Kd7 33. Nb3 f5 34. f3 h5 35. h3 f4 36. g4 hxg4 37. hxg4 Ke7 38. Nc1 Nc7 39. Nd3 b3 40. Kxb3 Ke6 41. g5 Nb5 42. Kc4 Nd4 43. Nxf4+ Kf7 44. Nh3 Nxf3 45. Kb4 Ke6 46. a6 bxa6 47. Ka5 Nd2 48. Nf2 Nb3+ 49. Kb6 a5 50. Kxc6 a4 51. Nd3 a3 52. Nb4 Nd4+ 53. Kc7 Nb5+ 54. Kb6 Nc3 55. c6 Nxe4 56. Kb5 Nd6+ 57. Ka4 Kf5 58. Kxa3 Kxg5 59. Nd3 e4 60. Ne1 Kf4 61. Kb4 g5 62. Kc5 Ke5 63. c7 g4 64. Ng2 g3 65. Ne3 Ke6 66. Kd4 Kd7 67. Ng2 Kxc7 68. Ke3 Kc6 69. Kf4 Kd5 70. Kxg3 Kd4 71. Kf2 Nf5 72. Ke2 Ke5 73. Kf2 Kd4 74. Ke2 Kc3 75. Nh4 1/2-1/2

[Event "LTU-ch sf"]
[Site "Vilnius"]
[Date "2009.02.18"]
[Round "8"]
[White "Macenis, Audrius"]
[Black "Kasparavicius, Laimutis"]
[Result "0-1"]
[WhiteElo "2164"]
[BlackElo "2134"]
[PlyCount "46"]
[EventDate "2009.02.13"]
[EventType "swiss"]
[EventRounds "9"]
[EventCountry "LTU"]
[SourceTitle "CBM 128 Extra"]
[Source "ChessBase"]
[SourceDate "2009.03.05"]
[SourceVersion "2"]
[SourceVersionDate "2009.03.25"]
[SourceQuality "1"]

1. e4 d5 2. exd5 Qxd5 3. Nc3 Qa5 4. d4 Nf6 5. Nf3 Bg4 6. h3 Bh5 7. g4 Bg6 8. Ne5 e6 9. Nxg6 hxg6 10. Qf3 Bb4 11. Bd2 Nd5 12. Bc4 Nc6 13. Bxd5 exd5 14. 0-0-0 0-0-0 15. Qxf7 Nxd4 16. Kb1 Rhf8 17. Qxg7 Nf3 18. Bc1 Rd7 19. Qh6 d4 20. Ne4 Qd5 21. Nf6 Rxf6 22. Qh8+ Rf8 23. Qh6 Qg8 0-1

[Event "LTU-ch sf"]
[Site "Vilnius"]
[Date "2009.02.15"]
[Round "4"]
[White "Barsciauskas, Gintautas"]
[Black "Kasparavicius, Laimutis"]
[Result "0-1"]
[WhiteElo "1970"]
[BlackElo "2134"]
[PlyCount "138"]
[EventDate "2009.02.13"]
[EventType "swiss"]
[EventRounds "9"]
[EventCountry "LTU"]
[SourceTitle "CBM 128 Extra"]
[Source "ChessBase"]
[SourceDate "2009.03.05"]
[SourceVersion "2"]
[SourceVersionDate "2009.03.25"]
[SourceQuality "1"]

1. d3 e5 2. e4 Bb4+ 3. c3 Be7 4. Be2 d5 5. Nd2 Nf6 6. Ngf3 Nc6 7. 0-0 0-0 8. a3 a5 9. b3 Bg4 10. Ng5 Bd7 11. Ngf3 h6 12. h3 Be6 13. Bb2 Nd7 14. b4 Bd6 15. b5 Ne7 16. a4 Ng6 17. Re1 c6 18. c4 Qb6 19. d4 dxc4 20. Nxc4 Bxc4 21. Bxc4 Rad8 22. Qb3 exd4 23. Bxd4 Bc5 24. Rad1 Bxd4 25. Nxd4 Nc5 26. Qc2 Ne5 27. Bf1 Ncd3 28. Bxd3 Rxd4 29. Bf1 Rfd8 30. Be2 c5 31. Kf1 c4 32. Rxd4 Qxd4 33. Bf3 Qd3+ 34. Qxd3 Rxd3 35. Rc1 Ra3 36. Bd1 g5 37. g3 c3 38. Ke2 Kg7 39. Bc2 Nd7 40. Rd1 Nc5 41. Rd4 Ra2 42. Kd1 Ra1+ 43. Ke2 Rc1 44. Bd3 b6 45. Rc4 Kf6 46. f4 gxf4 47. gxf4 Rh1 48. e5+ Ke6 49. Rxc3 Rh2+ 50. Kf1 Kd5 51. Bc2 Kd4 52. Rg3 Rxc2 53. Rg7 Ke3 54. Rxf7 Rf2+ 55. Kg1 Rxf4 56. Rh7 Rxa4 57. Rxh6 Ra1+ 58. Kg2 Ra2+ 59. Kg3 Ne4+ 60. Kg4 Rg2+ 61. Kf5 Rg5+ 62. Ke6 Kd4 63. Kf7 Rf5+ 64. Kg7 Rxe5 65. Rxb6 Kc4 66. h4 a4 67. Kg6 Ng3 68. Rf6 Kxb5 69. Rf3 Nh5 0-1